| 000 | 00938nam a2200253 a 4500 | ||
|---|---|---|---|
| 001 | 000034865 | ||
| 005 | 20200930073942.0 | ||
| 008 | 111020s1920 es 000 0 spa d | ||
| 040 |
_aDO-SdBNP _bspa _cBNPHU |
||
| 082 |
_a980.4 _bC965e |
||
| 100 | 1 |
_aCuervo Márquez, Carlos, _d1858-1930 _960402 |
|
| 245 | 1 | 0 |
_aEstudios arqueológicos y etnográficos americanos / _cCarlos Cuervo Márquez. |
| 250 | _a2a ed. corregida y aumentada | ||
| 260 |
_aMadrid : _bAmérica, _c1920. |
||
| 300 |
_a2v. : _bil. ; _c21 cm. |
||
| 490 | 1 | _aBiblioteca de Ciencias Políticas y Sociales | |
| 505 | 0 |
_gv. 1 _tPrehistoria y viajes -- _gv.2 _tPrehistoria y viajes americanos |
|
| 650 | 4 |
_aIndígenas de colombia _960403 |
|
| 650 | 4 |
_aIndígenas de américa _xAntiguedades _960404 |
|
| 651 | 4 |
_aColombia _xAntiguedades _960405 |
|
| 830 | 0 |
_aBiblioteca de Ciencias Políticas y Sociales _960406 |
|
| 910 | _aValidado. Control de calidad MFF | ||
| 049 | _aBNPD | ||
| 999 |
_c34356 _d34356 |
||